[Event "Champions Showdown G20"]
[Site "Saint Louis USA"]
[Date "2017.11.10"]
[Round "4.1"]
[White "Nakamura,Hi"]
[Black "Topalov,V"]
[Result "1/2-1/2"]
[WhiteElo "2780"]
[BlackElo "2749"]

1.d4 Nf6 2.c4 e6 3.Nf3 d5 4.Nc3 Be7 5.Bf4 O-O 6.e3 Nbd7 7.c5 c6 8.b4 b6 9.h3 a5
10.a3 h6 11.Bd3 Ba6 12.O-O Qc8 13.Qc2 Bxd3 14.Qxd3 Qb7 15.Nd2 Rfe8 16.Rfc1 Bd8
17.Rab1 axb4 18.axb4 Bc7 19.Bxc7 Qxc7 20.Nb3 b5 21.f4 Ra3 22.Qc2 Ne4 23.Nxe4 dxe4
24.Qxe4 Nf6 25.Qc2 Nd5 26.Qd2 Rea8 27.Ra1 R8a4 28.Rxa3 Rxa3 29.e4 Nxf4 30.Rc3 g5
31.h4 Qe7 32.g3 Nh5 33.hxg5 hxg5 34.Qb2 Ra4 35.Na5 Nf6 36.Ra3 Qc7 37.d5 exd5
38.Qxf6 Rxa3 39.e5 Rxa5 40.bxa5 Qxa5 41.Qxg5+ Kf8 42.Qh6+ Kg8 43.Qg5+ Kf8
44.Qh6+  1/2-1/2

[Event "Champions Showdown G20"]
[Site "Saint Louis USA"]
[Date "2017.11.10"]
[Round "5.1"]
[White "Topalov,V"]
[Black "Nakamura,Hi"]
[Result "1/2-1/2"]
[WhiteElo "2749"]
[BlackElo "2780"]

1.e4 c5 2.Nf3 d6 3.d4 cxd4 4.Nxd4 Nf6 5.Nc3 a6 6.f3 e6 7.Be3 h5 8.Qd2 Be7
9.Be2 Qc7 10.O-O Nbd7 11.Rad1 b6 12.f4 Bb7 13.Bf3 Ng4 14.Kh1 Nxe3 15.Qxe3 b5
16.a3 Rb8 17.h3 Nb6 18.Qc1 g6 19.Rd3 e5 20.Nde2 Nd7 21.Nd5 Bxd5 22.Rxd5 Rc8
23.Nc3 Nb6 24.Rd3 Kf8 25.Be2 Kg7 26.f5 Bf6 27.fxg6 fxg6 28.Rdf3 Rcf8 29.Qe3 Be7
30.Bd3 Qc5 31.Qe2 Rxf3 32.Rxf3 Rf8 33.Rxf8 Bxf8 34.h4 Be7 35.g3 Bd8 36.Kg2 Nd7
37.Nd5 Nf6 38.b4 Qa7 39.Nxf6 Bxf6 40.c4 bxc4 41.Bxc4 a5 42.b5 Qc5 43.a4 Bd8
44.Bb3 Bb6 45.Qf3 Qg1+ 46.Kh3 Qf2 47.Qxf2 Bxf2 48.Kg2 Bb6 49.Kf3 g5 50.hxg5 Kg6
51.Be6 Kxg5 52.Ke2 Kf6 53.Bd7 d5 54.exd5 e4 55.Be8 Bc7 56.Kf2 Ke5 57.Bxh5 Kxd5
58.g4 Bf4 59.Bg6 Bg5 60.Ke2 Bd8 61.Be8 Ke5 62.Bd7 Kf4 63.Bf5 Bb6 64.Kd2 Bd4
65.Kc2 e3 66.Bd3 Kxg4 67.Be2+ Kf4 68.Kd3 Ke5  1/2-1/2

[Event "Champions Showdown G20"]
[Site "Saint Louis USA"]
[Date "2017.11.10"]
[Round "6.1"]
[White "Nakamura,Hi"]
[Black "Topalov,V"]
[Result "1-0"]
[WhiteElo "2780"]
[BlackElo "2749"]

1.d4 Nf6 2.c4 e6 3.Nc3 Bb4 4.Qc2 O-O 5.a3 Bxc3+ 6.Qxc3 b6 7.Bg5 Bb7 8.e3 d6
9.f3 Nbd7 10.Bd3 Rc8 11.Nh3 h6 12.Bh4 c5 13.O-O d5 14.dxc5 Nxc5 15.Bc2 Ncd7
16.b3 b5 17.Qb2 bxc4 18.bxc4 Ba6 19.cxd5 Bxf1 20.dxe6 Qb6 21.exf7+ Kh8 22.Qxb6 axb6
23.Nf4 Rxf7 24.Bg6 Bc4 25.Bxf7 Bxf7 26.Bf2 g5 27.Ne2 g4 28.e4 gxf3 29.gxf3 Ne5
30.Nd4 Bh5 31.Bg3 Nd3 32.Rb1 Nd7 33.Rb3 Rc1+ 34.Kg2 N3c5 35.Re3 Kh7 36.Re1 Rc4
37.Bf2 Ne5 38.Rb1 Ncd7 39.Rb3 Bf7 40.Rb2 Nd3 41.Rd2 N7e5 42.Kg3 Rc3 43.Rc2 Rxc2
44.Nxc2 b5 45.Bd4 Nc4 46.Bc3 Bg6 47.Bb4 Kg8 48.Nd4 Be8 49.f4 Kf7 50.e5 Bd7
51.Kf3 h5 52.Ke4 Nf2+ 53.Kd5 Ne3+ 54.Kd6 Ke8 55.e6 Nc4+ 56.Kc7  1-0

[Event "Champions Showdown G10"]
[Site "Saint Louis USA"]
[Date "2017.11.11"]
[Round "1.1"]
[White "Topalov,V"]
[Black "Nakamura,Hi"]
[Result "0-1"]
[WhiteElo "2749"]
[BlackElo "2780"]

1.e4 c5 2.Nf3 d6 3.d4 cxd4 4.Nxd4 Nf6 5.Nc3 a6 6.f3 e6 7.Be3 h5 8.Qd2 Be7
9.Be2 Bd7 10.O-O-O Nc6 11.g3 b5 12.a3 Rc8 13.Kb1 Na5 14.h3 g6 15.g4 e5 16.Nb3 Be6
17.Nxa5 Qxa5 18.g5 Nd7 19.Nd5 Qxd2 20.Rxd2 Bxd5 21.Rxd5 Nc5 22.h4 O-O 23.c3 Ne6
24.Bd1 f6 25.Rd2 fxg5 26.Bb3 Rc4 27.Bxg5 Nxg5 28.hxg5 Rxf3 29.a4 Kg7 30.Bxc4 bxc4
31.Rd5 Rf8 32.Ka2 Rb8 33.Rg1 Kf7 34.Rd2 Ke6 35.Rf2 Rh8 36.Kb1 h4 37.Kc2 h3
38.Rh2 Rh4 39.Rg3 Rxe4 40.Rhxh3 d5 41.Rh6 Kf5 42.Rh7 Bxg5 43.Rf7+ Bf6 44.a5 Re2+
45.Kd1 Rf2 46.Ke1 Rf4 47.Rg2 d4 48.Ra7 d3 49.Rxa6 e4 50.Rc6 e3 51.Rc5+ Ke6
52.Rc6+ Kd7  0-1

[Event "Champions Showdown G10"]
[Site "Saint Louis USA"]
[Date "2017.11.11"]
[Round "3.1"]
[White "Topalov,V"]
[Black "Nakamura,Hi"]
[Result "0-1"]
[WhiteElo "2749"]
[BlackElo "2780"]

1.c4 Nf6 2.Nc3 e6 3.Nf3 d5 4.d4 Be7 5.Bf4 O-O 6.e3 c5 7.dxc5 Bxc5 8.a3 Nc6
9.Qc2 Qa5 10.O-O-O Be7 11.Kb1 a6 12.Nd2 b5 13.Nb3 Qb6 14.cxd5 exd5 15.Bg5 Be6
16.Bxf6 Bxf6 17.Nxd5 Bxd5 18.Rxd5 Rac8 19.Bd3 Nb4 20.Bxh7+ Kh8 21.Qd1 Nxd5
22.Qh5 Bg5 23.Be4+ Qh6 24.Qxh6+ Bxh6 25.Bxd5 Rcd8 26.e4 f5 27.Nc5 fxe4 28.Bxe4 Rxf2
29.Nd3 Rf6 30.Ne5 Re8 31.Ng6+ Kg8 32.Bc2 Re2 33.Bd3 Rxg2  0-1

[Event "Champions Showdown G10"]
[Site "Saint Louis USA"]
[Date "2017.11.11"]
[Round "4.1"]
[White "Nakamura,Hi"]
[Black "Topalov,V"]
[Result "0-1"]
[WhiteElo "2780"]
[BlackElo "2749"]

1.d4 d5 2.c4 e6 3.Nc3 Be7 4.cxd5 exd5 5.Bf4 Nf6 6.e3 Bf5 7.Nge2 O-O 8.Ng3 Be6
9.Bd3 c5 10.dxc5 Bxc5 11.O-O Nc6 12.a3 d4 13.Na4 Be7 14.e4 Nd7 15.Nf5 Nde5
16.Nxe7+ Qxe7 17.Rc1 Rad8 18.Re1 b6 19.b4 Qf6 20.Bg3 Nxd3 21.Qxd3 Ne5 22.Bxe5 Qxe5
23.Nb2 Rc8 24.Rcd1 Rfd8 25.g3 Qf6 26.e5 Qf5 27.Qxf5 Bxf5 28.Nd3 Rc3 29.Nf4 Rxa3
30.e6 fxe6 31.Nxe6 Bxe6 32.Rxe6 Rd7 33.Re4 d3 34.Kf1 Ra4 35.Ke1 a5 36.Rb1 h6
37.h4 Rd5 38.Kd2 Ra2+ 39.Ke1 Rb5 40.Rd1 Ra4 41.Rxd3 Raxb4 42.Re8+ Kf7 43.Rde3 Rb1+
44.Ke2 R5b2+ 45.Kf3 Rb3 46.Re7+ Kg6 47.h5+ Kh7 48.Ra7 Rxe3+ 49.fxe3 Rb4 50.e4 a4
51.e5 Kg8 52.e6 Kf8 53.g4 b5 54.Rf7+ Ke8 55.Rxg7 a3  0-1

[Event "Champions Showdown G10"]
[Site "Saint Louis USA"]
[Date "2017.11.11"]
[Round "5.1"]
[White "Topalov,V"]
[Black "Nakamura,Hi"]
[Result "1/2-1/2"]
[WhiteElo "2749"]
[BlackElo "2780"]

1.e4 c5 2.Nf3 d6 3.d4 cxd4 4.Nxd4 Nf6 5.Nc3 a6 6.f3 e6 7.Be3 h5 8.Qd2 Be7
9.Be2 Bd7 10.a4 Nc6 11.Nb3 Rc8 12.a5 O-O 13.O-O Ne5 14.Rfd1 h4 15.h3 Ng6
16.f4 Rxc3 17.Qxc3 Nxe4 18.Qd3 Ng3 19.Bf3 Qc8 20.Nc5 Bc6 21.Bxc6 Qxc6 22.Nxe6 fxe6
23.Qxg6 Rf6 24.Qd3 Nf5 25.Bf2 Rg6 26.Qf1 d5 27.c3 Bd6 28.Bd4 Qc7 29.Bb6 Qb8
30.Ra4 Qe8 31.Ra2 Qb8 32.Ra4 Qe8 33.Ra2 Qc6 34.Rd3 Qc4 35.b3 Qxb3 36.Rf2 Ng3
37.Qd1 Qxd1+ 38.Rxd1 Bxf4 39.Rb1 e5 40.Rd1 Rc6 41.Rxd5 Rxc3 42.Rd1 Kh7 43.Rb2 Ra3
44.Re1 Kg6 45.Bd8 Kh5 46.Rxb7 g5 47.Rh7+ Kg6 48.Rb7 Be3+ 49.Kh2 Bf4 50.Bb6 e4
51.Kg1 Bd2 52.Rd1 e3 53.Rd7 Ra2 54.Rd3 e2 55.R3xd2 Rxd2 56.Re1 Ra2 57.Kf2 Kf5
58.Bc7 Ne4+ 59.Kf3 Nd2+ 60.Kxe2 Ne4+ 61.Kf1 Rf2+ 62.Kg1 Rc2 63.Bb6 Ng3 64.Rd1 Ke4
65.Ba7 Ne2+ 66.Kh2 Nf4 67.Rg1 Ra2 68.Bb6 g4 69.hxg4 h3 70.Bc7 Rxg2+ 71.Rxg2 Nxg2
72.Kxh3 Ne3  1/2-1/2

[Event "Champions Showdown G10"]
[Site "Saint Louis USA"]
[Date "2017.11.11"]
[Round "6.1"]
[White "Nakamura,Hi"]
[Black "Topalov,V"]
[Result "1/2-1/2"]
[WhiteElo "2780"]
[BlackElo "2749"]

1.d4 d5 2.c4 e6 3.Nc3 Be7 4.cxd5 exd5 5.Bf4 Nf6 6.e3 Bf5 7.Qb3 Nc6 8.g4 Nxg4
9.Qxd5 Qc8 10.a3 Nf6 11.Qg2 O-O 12.Bc4 Na5 13.Ba2 c5 14.dxc5 Qxc5 15.Nge2 Nc4
16.Bxc4 Qxc4 17.Nd4 Bg6 18.Qxb7 Rfe8 19.Qb5 Qc8 20.Qc6 Qh3 21.Qf3 Qd7 22.O-O Bf8
23.Bg3 Ne4 24.Rfd1 Nxc3 25.bxc3 Qc8 26.a4 Be4 27.Qe2 Qxc3 28.Nb5 Qc6 29.Nc7 Bf3
30.Qb5 Qxb5 31.axb5 Bxd1 32.Nxa8 Rxa8 33.Rxd1 Bc5 34.Rd7 f6 35.Kg2 Re8 36.Bd6 Bxd6
37.Rxd6 Rb8 38.Rd7 Rxb5  1/2-1/2

[Event "Champions Showdown G10"]
[Site "Saint Louis USA"]
[Date "2017.11.11"]
[Round "7.1"]
[White "Topalov,V"]
[Black "Nakamura,Hi"]
[Result "1/2-1/2"]
[WhiteElo "2749"]
[BlackElo "2780"]

1.e4 c5 2.Nf3 d6 3.d4 cxd4 4.Nxd4 Nf6 5.Nc3 a6 6.f3 e5 7.Nb3 Be6 8.Be3 h5
9.Nd5 Bxd5 10.exd5 g6 11.Qd2 Nbd7 12.Be2 Qc7 13.c4 a5 14.Rc1 a4 15.Na1 Qa5
16.Nc2 Qxd2+ 17.Kxd2 Bh6 18.Bxh6 Rxh6 19.Ne3 Ke7 20.h4 Rhh8 21.Rhf1 Nc5 22.Nd1 Ne8
23.Nc3 Ng7 24.Rh1 Nf5 25.Rce1 Nd4 26.Bd1 f5 27.f4 Kf6 28.g3 Rhb8 29.fxe5+ dxe5
30.d6 Ke6 31.d7 Kd6 32.Re3 e4 33.Nd5 Nxd7 34.Kc3 Kc5 35.b4+ axb3 36.axb3 Ra3
37.Kb2 Rba8 38.b4+ Kxc4 39.Rxa3 Rxa3 40.Kxa3 Kxd5 41.Re1 Kc4 42.Kb2 Ne5 43.Bc2 Nd3+
44.Bxd3+ Kxd3 45.Rd1+ Ke3 46.Kc3 Ne2+ 47.Kc4 b5+ 48.Kc5 Nxg3 49.Kxb5 f4 50.Kc5 Ne2
51.Kc4 f3 52.b5 f2 53.b6 Nd4 54.b7 Nc6 55.Kd5 Nb8 56.Rf1 Ke2 57.Rxf2+ Kxf2
58.Kxe4 Kg3 59.Ke5 Kxh4 60.Kd6  1/2-1/2

[Event "Champions Showdown G10"]
[Site "Saint Louis USA"]
[Date "2017.11.11"]
[Round "8.1"]
[White "Nakamura,Hi"]
[Black "Topalov,V"]
[Result "1/2-1/2"]
[WhiteElo "2780"]
[BlackElo "2749"]

1.c4 c5 2.g3 Nc6 3.Bg2 g6 4.e3 Bg7 5.Ne2 e6 6.d4 cxd4 7.exd4 d5 8.cxd5 exd5
9.Nbc3 Nge7 10.O-O O-O 11.Be3 Bg4 12.Qd2 Bxe2 13.Nxe2 Nf5 14.Bh3 Nxe3 15.fxe3 Qd6
16.Nf4 Bh6 17.Rac1 Rae8 18.Rc5 Bxf4 19.Rxf4 b6 20.Rc3 f5 21.Bg2 Ne7 22.Rf1 Rc8
23.Rfc1 Rxc3 24.Rxc3 Rc8 25.Rxc8+ Nxc8 26.Qc3 Ne7 27.Kf2 Kf7 28.Ke2 Qd7 29.Kd2 Ng8
30.Kc2 Nf6 31.Kb3 Ke6 32.a4 a5 33.Bf1 Ne4 34.Qc2 Nd6 35.Ba6 Ke7 36.Ka2 Kd8
37.Qb3 Qc6 38.Bf1 Ke7 39.Bg2 Ke6 40.Bf1 Ne4 41.Bb5 Qc7 42.Bd3 Nd6 43.g4 fxg4
44.e4 Qc6 45.e5 Nf5 46.Bxf5+ gxf5 47.Qe3 Qxa4+ 48.Kb1 Kd7 49.Qh6 Qd1+ 50.Ka2 Qa4+
51.Kb1 Qd1+  1/2-1/2

[Event "Champions Showdown G5"]
[Site "Saint Louis USA"]
[Date "2017.11.12"]
[Round "1.1"]
[White "Topalov,V"]
[Black "Nakamura,Hi"]
[Result "0-1"]
[WhiteElo "2749"]
[BlackElo "2780"]

1.c4 Nf6 2.Nc3 e6 3.Nf3 d5 4.d4 Be7 5.Bf4 O-O 6.a3 c5 7.dxc5 Bxc5 8.e3 Nc6
9.Qc2 Qa5 10.Ra2 Be7 11.b4 Qd8 12.h3 b6 13.cxd5 exd5 14.Be2 Be6 15.Ng5 Rc8
16.Nxe6 fxe6 17.Ba6 Bxb4 18.Bxc8 Qxc8 19.O-O Bxc3 20.Qxc3 Ne4 21.Qc1 Qd7
22.Rc2 Nc5 23.Rd1 Na5 24.Rxc5 bxc5 25.Qxc5 Nc6 26.Bg3 Rc8 27.Qb5 Ne5 28.Qa6 Nc4
29.Rb1 Nb6 30.Be5 Rc6 31.Bd4 Qc7 32.f4 h6 33.Kh2 Rc2 34.Bxb6 axb6 35.Rxb6 Qc3
36.Rb8+ Kf7 37.Rb7+ Kf6 38.Qa8 Kf5 39.Qf8+ Ke4 40.Rxg7 Qxe3 41.Qf6 Qxf4+
42.Qxf4+ Kxf4 43.a4 d4 44.Rd7 e5 45.Rd6 Ra2 46.h4 h5 47.Rf6+ Ke3 48.Rf5 e4
49.Rxh5 d3 50.Rd5 Kd2 51.h5 e3 52.h6 Rxa4 53.Kg3 e2  0-1

[Event "Champions Showdown G5"]
[Site "Saint Louis USA"]
[Date "2017.11.12"]
[Round "2.1"]
[White "Nakamura,Hi"]
[Black "Topalov,V"]
[Result "1-0"]
[WhiteElo "2780"]
[BlackElo "2749"]

1.b3 d5 2.Bb2 Nf6 3.Nf3 e6 4.e3 Be7 5.c4 O-O 6.Nc3 b6 7.cxd5 exd5 8.d4 Bb7
9.Bd3 a6 10.O-O Nbd7 11.Ne5 Bd6 12.Ne2 Re8 13.f4 Ne4 14.Ng3 Nf8 15.Nxe4 dxe4
16.Bc4 Re7 17.Qh5 g6 18.Qh6 Bxe5 19.dxe5 b5 20.Rad1 Qe8 21.f5 bxc4 22.f6 Ne6
23.Rf4 Qf8 24.Qxf8+ Kxf8 25.fxe7+ Kxe7 26.Ba3+ c5 27.Rf2 cxb3 28.Rfd2 Bc6
29.axb3 Rb8 30.Rc2 Rxb3 31.Bxc5+ Nxc5 32.Rxc5 Bb5 33.Rd6 Rxe3 34.Rc7+ Kf8
35.e6 Rd3 36.Rxf7+ Ke8 37.Rb6 Rd1+ 38.Kf2 Rf1+ 39.Ke3 Rxf7 40.exf7+ Kxf7
41.Kxe4 Kg7 42.Ke5 g5 43.Kf5  1-0

[Event "Champions Showdown G5"]
[Site "Saint Louis USA"]
[Date "2017.11.12"]
[Round "3.1"]
[White "Topalov,V"]
[Black "Nakamura,Hi"]
[Result "0-1"]
[WhiteElo "2749"]
[BlackElo "2780"]

1.d4 Nf6 2.c4 g6 3.Nc3 Bg7 4.e4 d6 5.Nf3 O-O 6.Be2 e5 7.O-O Nc6 8.d5 Ne7
9.b4 Ne8 10.c5 f5 11.a4 Nf6 12.Bg5 Nh5 13.g3 f4 14.Nd2 Nf6 15.Nc4 Bh3 16.Re1 Qd7
17.Nb5 fxg3 18.fxg3 Nxe4 19.Bxe7 Qxe7 20.Qc2 Ng5 21.cxd6 cxd6 22.Nbxd6 e4
23.Rad1 Qf6 24.Rf1 Bxf1 25.Bxf1 e3 26.Bg2 Nf3+ 27.Kh1 Nd4 28.Qb1 e2 29.Re1 Qf2
30.Ne4 Qf5 31.d6 Rae8 32.Ne3 Qd7 33.h4 Kh8 34.Qd3 Rxe4 35.Qxe4 Qxd6 36.Nc2 Nxc2
37.Qxc2 Qxg3  0-1

[Event "Champions Showdown G5"]
[Site "Saint Louis USA"]
[Date "2017.11.12"]
[Round "4.1"]
[White "Nakamura,Hi"]
[Black "Topalov,V"]
[Result "1-0"]
[WhiteElo "2780"]
[BlackElo "2749"]

1.Nf3 d5 2.g3 Nf6 3.Bg2 g6 4.b3 Bg7 5.Bb2 O-O 6.O-O c6 7.d3 Bg4 8.Nbd2 Nbd7
9.h3 Bxf3 10.Nxf3 Re8 11.d4 a5 12.a4 Ne4 13.e3 e6 14.c4 Ndc5 15.Ne5 Na6 16.Nd3 Nd6
17.Qc2 Rc8 18.c5 Ne4 19.Kh2 Qc7 20.Rac1 h5 21.Bxe4 dxe4 22.Ne5 f5 23.Nxg6 Kf7
24.Nf4 h4 25.Bc3 Rh8 26.f3 hxg3+ 27.Kg2 exf3+ 28.Rxf3 Qd7 29.e4 Nb4 30.Qe2 Bh6
31.Rcf1 Rce8 32.Bxb4 axb4 33.exf5 exf5 34.Qc4+ Kf6 35.Nh5+ Kg6 36.Rxf5 Bg5
37.Nxg3 Re3 38.d5  1-0

[Event "Champions Showdown G5"]
[Site "Saint Louis USA"]
[Date "2017.11.12"]
[Round "5.1"]
[White "Topalov,V"]
[Black "Nakamura,Hi"]
[Result "1/2-1/2"]
[WhiteElo "2749"]
[BlackElo "2780"]

1.Nf3 d5 2.d4 c6 3.c4 e6 4.e3 Nf6 5.Bd3 g6 6.b3 Bg7 7.Ba3 Qa5+ 8.Qd2 Qxd2+
9.Nbxd2 Bf8 10.Bxf8 Kxf8 11.Ke2 Nbd7 12.Rhc1 Kg7 13.b4 b6 14.c5 Bb7 15.a4 Rhb8
16.Nb3 bxc5 17.Nxc5 Nxc5 18.Rxc5 Nd7 19.Ra5 Bc8 20.Rb1 Kf6 21.g4 h6 22.h4 Ke7
23.g5 hxg5 24.hxg5 Rb6 25.Kd2 Kd6 26.e4 e5 27.exd5 cxd5 28.dxe5+ Nxe5 29.Nxe5 Kxe5
30.Rc5 Kd6 31.Kc3 Rab8 32.f4 Bd7 33.Ra5 d4+ 34.Kc4 Be6+ 35.Kxd4 Rxb4+ 36.Rxb4 Rxb4+
37.Ke3 Rb7 38.Kd4 Rb4+ 39.Ke3 Rb7 40.Kd4 Ke7 41.Be4 Rb4+ 42.Ke5 Bd7 43.Rxa7 Rxa4
44.Rxa4 Bxa4  1/2-1/2

[Event "Champions Showdown G5"]
[Site "Saint Louis USA"]
[Date "2017.11.12"]
[Round "6.1"]
[White "Nakamura,Hi"]
[Black "Topalov,V"]
[Result "1-0"]
[WhiteElo "2780"]
[BlackElo "2749"]

1.Nf3 d5 2.g3 Nf6 3.Bg2 e6 4.d3 Be7 5.O-O O-O 6.Nbd2 Nc6 7.d4 a5 8.c3 b6
9.Re1 Bb7 10.e4 dxe4 11.Nxe4 Nxe4 12.Rxe4 Bf6 13.Re1 Ne7 14.Qc2 Bd5 15.Nd2 Bxg2
16.Kxg2 Nd5 17.Nf3 Rc8 18.Re4 c5 19.dxc5 Rxc5 20.Qe2 Qc8 21.Bd2 Rd8 22.a4 Qb7
23.Re1 Qc6 24.h4 h6 25.Kg1 Ne7 26.Nh2 h5 27.Nf3 b5 28.Bg5 Qb7 29.Bxf6 gxf6
30.Nd4 bxa4 31.Nxe6 fxe6 32.Rxe6 Ng6 33.Rxf6 Nf8 34.Kh2 Rcd5 35.Qe3 Qg7 36.Qf3 Rd3
37.Qf4 Rd2 38.Re5 Ng6 39.Rxg6 Qxg6 40.Rg5 R2d6 41.Qxa4 Qxg5 42.hxg5  1-0

[Event "Champions Showdown G5"]
[Site "Saint Louis USA"]
[Date "2017.11.12"]
[Round "7.1"]
[White "Topalov,V"]
[Black "Nakamura,Hi"]
[Result "1/2-1/2"]
[WhiteElo "2749"]
[BlackElo "2780"]

1.d4 Nf6 2.c4 e6 3.Nf3 d5 4.Nc3 Be7 5.Bf4 O-O 6.a3 c5 7.dxc5 Bxc5 8.e3 Nc6
9.b4 Be7 10.cxd5 exd5 11.Be2 Be6 12.O-O Ne4 13.Rc1 Bf6 14.Na4 Rc8 15.Nc5 Nc3
16.Qd3 Bf5 17.Qd2 d4 18.Nxb7 dxe3 19.Qxe3 Qb6 20.Rxc3 Qxb7 21.Rc5 Rfe8 22.Qc1 Rxe2
23.Rxf5 Nd4 24.Rc5 Nxf3+ 25.gxf3 Rce8 26.Rc6 Bd4 27.Qc4 Bb6 28.Bg3 h5 29.a4 R2e6
30.Rxe6 Rxe6 31.a5 Bd8 32.Rd1 Be7 33.Qd5 Qxd5 34.Rxd5 h4 35.Bb8 Bxb4 36.Kg2 a6
37.Bc7 Be7 38.Bb6 Rg6+ 39.Kh3 Rf6 40.Rd7 Bb4 41.Kg4 Rg6+ 42.Kxh4 Rh6+ 43.Kg3 Rh5
44.Ra7 Bxa5 45.Rxa6 Bb4 46.Be3 Rd5 47.h4 Bd6+ 48.Kg2 f5 49.Bg5 Kf7 50.h5 f4
51.Bh4 Bf8 52.Kh3 Rxh5 53.Kg4 Rb5 54.Kxf4 Rb4+ 55.Kg3 Bc5 56.Bg5 Bd4 57.Be3 Be5+
58.f4 Bf6  1/2-1/2

[Event "Champions Showdown G5"]
[Site "Saint Louis USA"]
[Date "2017.11.12"]
[Round "8.1"]
[White "Nakamura,Hi"]
[Black "Topalov,V"]
[Result "1-0"]
[WhiteElo "2780"]
[BlackElo "2749"]

1.d4 d5 2.Bf4 c5 3.e3 Nc6 4.c3 cxd4 5.exd4 Nf6 6.Bd3 Bg4 7.Qb3 Qc8 8.Nd2 e6
9.Ngf3 Bh5 10.O-O Be7 11.Rae1 a6 12.Qc2 Bg6 13.Ne5 Nxd4 14.Qa4+ Nc6 15.Nxg6 hxg6
16.Nf3 b5 17.Qd1 Qd7 18.a4 bxa4 19.Qxa4 O-O 20.Ra1 Bd6 21.Bg5 Qb7 22.Qh4 Be7
23.b4 e5 24.Be2 e4 25.Nd2 Nd8 26.Qh3 Ne6 27.Be3 Qc7 28.Rfc1 Nf4 29.Bxf4 Qxf4
30.Nb3 Qc7 31.Bxa6 Bd6 32.Be2 Rxa1 33.Rxa1 Be5 34.Nc5 Bd6 35.Na6 Qe7 36.Rd1 Be5
37.b5 Qa3 38.Qe3 Qb2 39.Qd2 Qxd2 40.Rxd2 Bxc3 41.Ra2 Bd4 42.Nb4 Bc5 43.Nc6 d4
44.Bc4 d3 45.h3 e3 46.fxe3 d2 47.Bb3 Bxe3+ 48.Kf1 Ne4 49.Ke2 Bg5 50.Ra7 Nc5
51.Bd1 Re8+ 52.Kf3 Re1 53.Be2 d1=Q 54.Ra8+ Kh7 55.Bxd1 Rxd1 56.b6 Rb1 57.Ra5 Ne6
58.Ra6 Bf6 59.Na5 Nc5 60.Ra7 Rxb6 61.Rxf7 Ra6 62.Nc4 Ne6 63.Rb7 Ra4 64.Nd6 Rd4
65.Ne8 Be5 66.Re7 Ng5+ 67.Ke3 Re4+ 68.Kd3 Rd4+ 69.Ke3 Rd5 70.h4 Kg8 71.Rb7 Nf7
72.Nc7 Rd7 73.Rb8+ Kh7 74.Ne6 Bxb8 75.Nf8+ Kg8 76.Nxd7 Ne5 77.Nxb8 g5 78.hxg5 Kf7
79.Kf4 Nd3+ 80.Ke4 Ne1 81.Nc6 Nxg2 82.Ne5+ Ke6 83.Nf3 Nh4 84.Nxh4  1-0

[Event "Champions Showdown G5"]
[Site "Saint Louis USA"]
[Date "2017.11.12"]
[Round "9.1"]
[White "Topalov,V"]
[Black "Nakamura,Hi"]
[Result "0-1"]
[WhiteElo "2749"]
[BlackElo "2780"]

1.d4 Nf6 2.c4 g6 3.Nc3 Bg7 4.e4 d6 5.Nf3 O-O 6.Be2 e5 7.O-O Nc6 8.d5 Ne7
9.b4 Ne8 10.a4 h6 11.c5 f5 12.a5 Nf6 13.Nd2 f4 14.Ba3 g5 15.b5 g4 16.b6 axb6
17.axb6 cxb6 18.cxd6 Rxa3 19.Rxa3 Ng6 20.g3 f3 21.Bd3 h5 22.Ra8 h4 23.Nb5 Kh7
24.Qc2 Nh5 25.d7 Qxd7 26.Rc1 hxg3 27.hxg3 Ngf4 28.gxf4 Nxf4 29.Qc7 Qe8 30.Rxc8 Qh5
31.Rxf8 Qh3 32.Rh8+ Kxh8 33.Qc8+ Kh7 34.Qf5+ Kh6 35.Qxf4+ exf4 36.Bf1 Qh5
37.Nd6 g3 38.Nf5+ Kg5 39.fxg3 fxg3 40.Nxf3+ Qxf3 41.Bg2 Bd4+  0-1

[Event "Champions Showdown G5"]
[Site "Saint Louis USA"]
[Date "2017.11.12"]
[Round "10.1"]
[White "Nakamura,Hi"]
[Black "Topalov,V"]
[Result "1-0"]
[WhiteElo "2780"]
[BlackElo "2749"]

1.Nf3 d5 2.g3 g6 3.Bg2 Bg7 4.c4 c6 5.Qa4 Nd7 6.cxd5 Nb6 7.Qb3 cxd5 8.O-O e6
9.a4 Ne7 10.a5 Nd7 11.d4 Nc6 12.Qa4 a6 13.Bg5 Qc7 14.Bf4 Qd8 15.Nc3 O-O 16.e4 dxe4
17.Nxe4 h6 18.Rfd1 g5 19.Bd6 Re8 20.Ne5 Ndb8 21.Ba3 Bd7 22.Nxd7 Qxd7 23.d5 exd5
24.Rxd5 Qc7 25.Rad1 b5 26.axb6 Qxb6 27.h4 gxh4 28.Nd6 Re2 29.Qf4 hxg3 30.Qxf7+ Kh8
31.Bc5 gxf2+ 32.Bxf2 Qxf2+ 33.Qxf2 Rxf2 34.Kxf2 Ra7 35.Re1 Ne7 36.Rd3 Nbc6
37.Nc8 Rc7 38.Nxe7 Nxe7 39.Rd8+ Kh7 40.Be4+ Ng6 41.Rg1 Rf7+ 42.Ke2 Re7 43.Kd3  1-0

[Event "Champions Showdown G5"]
[Site "Saint Louis USA"]
[Date "2017.11.12"]
[Round "11.1"]
[White "Topalov,V"]
[Black "Nakamura,Hi"]
[Result "1/2-1/2"]
[WhiteElo "2749"]
[BlackElo "2780"]

1.e4 c5 2.Nf3 d6 3.d4 cxd4 4.Nxd4 Nf6 5.Nc3 a6 6.f3 e6 7.Be3 h5 8.Qd2 Be7
9.O-O-O b5 10.g3 Bb7 11.Bh3 Nc6 12.Nxc6 Bxc6 13.Kb1 b4 14.Ne2 a5 15.Nd4 Bd7
16.Bg2 g6 17.f4 e5 18.Nf3 Qc7 19.fxe5 dxe5 20.Nxe5 Be6 21.Bf4 Rd8 22.Nd3 Qc4
23.b3 Qc8 24.Be5 O-O 25.Qg5 Nd5 26.Qh6 Nc3+ 27.Ka1 f6 28.Qxg6+ Kh8 29.Nf4 Nxd1
30.Qxh5+ Kg7 31.Qg6+ Kh8 32.Qh6+ Kg8 33.Qg6+ Kh8  1/2-1/2

[Event "Champions Showdown G5"]
[Site "Saint Louis USA"]
[Date "2017.11.12"]
[Round "12.1"]
[White "Nakamura,Hi"]
[Black "Topalov,V"]
[Result "1-0"]
[WhiteElo "2780"]
[BlackElo "2749"]

1.e4 e5 2.Nc3 Nf6 3.Bc4 Bc5 4.d3 c6 5.Bb3 d6 6.Nf3 O-O 7.h3 Nbd7 8.O-O Bb6
9.a3 Nc5 10.Ba2 Ne6 11.Ne2 Re8 12.Be3 Bxe3 13.fxe3 Qc7 14.Nh4 Qd8 15.Nf3 Bd7
16.Ng3 g6 17.d4 Qc7 18.Nh4 Qd8 19.Qf3 Kg7 20.Nhf5+ gxf5 21.Nxf5+ Kg6 22.Bxe6  1-0

[Event "Palma De Mallorca GP 2017"]
[Site "Palma de Mallorca ESP"]
[Date "2017.11.16"]
[Round "1.3"]
[White "Eljanov,P"]
[Black "Nakamura,Hi"]
[Result "1/2-1/2"]
[WhiteElo "2707"]
[BlackElo "2780"]

1.Nf3 d5 2.g3 g6 3.Bg2 Bg7 4.d4 Nd7 5.O-O Ngf6 6.a4 a5 7.c4 dxc4 8.Qc2 Nb6
9.e4 Bg4 10.Be3 Nfd7 11.Na3 O-O 12.Nxc4 Nxc4 13.Qxc4 c6 14.Qb3 Qb6 15.Qxb6 Nxb6
16.Rfc1 Bxf3 17.Bxf3 Rfd8 18.d5 Nd7 19.Rd1 cxd5 20.exd5 Be5 21.Rac1 Bd6 22.Rc3 b6
23.Be2 Nc5 24.Bb5 Be5 25.Rc2 Rac8 26.f4 Bg7 27.Kf1 Rd6 28.Ke2 Bf8 29.b3 Rcd8
30.Bc4 e6 31.Bxc5 bxc5 32.Rcd2 exd5 33.Rxd5 Rxd5 34.Rxd5  1/2-1/2

[Event "Palma De Mallorca GP 2017"]
[Site "Palma de Mallorca ESP"]
[Date "2017.11.17"]
[Round "2.3"]
[White "Nakamura,Hi"]
[Black "Jakovenko,D"]
[Result "1/2-1/2"]
[WhiteElo "2780"]
[BlackElo "2721"]

1.Nf3 Nf6 2.g3 d5 3.Bg2 c6 4.O-O Bg4 5.h3 Bh5 6.d3 Nbd7 7.Qe1 e5 8.e4 Bd6
9.Nh4 O-O 10.Nf5 Bc7 11.Nc3 Nb6 12.a4 a5 13.f4 dxe4 14.dxe4 exf4 15.gxf4 Bg6
16.Ng3 Re8 17.e5 Nbd5 18.Qd1 Nxc3 19.Qxd8 Ne2+ 20.Nxe2 Raxd8 21.Ng3 Nh5 22.Nxh5 Bxh5
23.Ra3  1/2-1/2

[Event "Palma De Mallorca GP 2017"]
[Site "Palma de Mallorca ESP"]
[Date "2017.11.18"]
[Round "3.3"]
[White "Tomashevsky,E"]
[Black "Nakamura,Hi"]
[Result "1/2-1/2"]
[WhiteElo "2702"]
[BlackElo "2780"]

1.d4 d6 2.Nf3 g6 3.c4 Bg7 4.Nc3 Nc6 5.g3 a6 6.Bg2 Nf6 7.O-O O-O 8.e3 Rb8
9.Qe2 b5 10.Rd1 e6 11.b3 bxc4 12.Qxc4 Nb4 13.a3 Nbd5 14.Ne2 Bd7 15.Qc2 Bb5
16.Re1 c5 17.Bd2 Rc8 18.Qb1 Bxe2 19.Rxe2 cxd4 20.Nxd4 Nd7 21.Bxd5 exd5 22.Qd1 Qb6
23.Rc1 h5 24.Bc3 Bxd4 25.Qxd4 Qxd4 26.exd4 Nb8 27.Rec2 Rc6 28.Bb4 Rfc8 29.Rxc6 Rxc6
30.Rxc6 Nxc6 31.Bc3 Kf8 32.f3 f5 33.Kf2 Ke7 34.Ke3 Nd8 35.Kd3 Kd7 36.Bd2 Ne6
37.h4 Kc6 38.Be3 Nc7 39.a4 Ne6 40.Bd2 Kc7 41.Kc3 Kd7 42.Kd3 Kc7 43.Bc1 Kd7
44.Bg5 Ke8 45.Bd2 Kd7 46.Be3 Kd8 47.Kc3 Kc7 48.Kd3  1/2-1/2

[Event "Palma De Mallorca GP 2017"]
[Site "Palma de Mallorca ESP"]
[Date "2017.11.19"]
[Round "4.3"]
[White "Nakamura,Hi"]
[Black "Radjabov,T"]
[Result "1-0"]
[WhiteElo "2780"]
[BlackElo "2741"]

1.e4 c5 2.Nf3 Nc6 3.Bb5 e6 4.O-O Nge7 5.d4 cxd4 6.Nxd4 Ng6 7.Be3 Be7 8.Be2 O-O
9.Nc3 Qc7 10.f4 Nxd4 11.Qxd4 b6 12.Qd2 Bb7 13.Rad1 Bc6 14.a3 Bf6 15.g3 Rac8
16.e5 Be7 17.h4 Rfd8 18.h5 Nf8 19.Ba6 Rb8 20.Qd6 Bxd6 21.exd6 Qc8 22.Bxc8 Rbxc8
23.a4 h6 24.Ra1 Ba8 25.a5 Rc6 26.Rfd1 b5 27.a6 b4 28.Nb5 Rxc2 29.Rd2 Rdc8
30.Nc7 Rxd2 31.Bxd2 Bc6 32.Be3 Nh7 33.Bxa7 Nf6 34.Bc5 Ne4 35.Bxb4 Nxg3 36.a7 Ne2+
37.Kh2 Nxf4 38.Ra6 Be4 39.Rb6 Nxh5 40.Rb8 Rf8 41.Bd2 Nf6 42.b4  1-0

[Event "Palma De Mallorca GP 2017"]
[Site "Palma de Mallorca ESP"]
[Date "2017.11.20"]
[Round "5.2"]
[White "Vachier Lagrave,M"]
[Black "Nakamura,Hi"]
[Result "1/2-1/2"]
[WhiteElo "2796"]
[BlackElo "2780"]

1.e4 c5 2.Nf3 d6 3.Bb5+ Bd7 4.Bxd7+ Nxd7 5.O-O Ngf6 6.Re1 e6 7.c3 Be7 8.d4 O-O
9.Bg5 h6 10.Bxf6 Bxf6 11.Na3 cxd4 12.cxd4 Nb6 13.Rc1 d5  1/2-1/2

[Event "Palma De Mallorca GP 2017"]
[Site "Palma de Mallorca ESP"]
[Date "2017.11.23"]
[Round "7.3"]
[White "Svidler,P"]
[Black "Nakamura,Hi"]
[Result "1/2-1/2"]
[WhiteElo "2763"]
[BlackElo "2780"]

1.c4 Nf6 2.Nf3 e6 3.Nc3 d5 4.d4 Be7 5.g3 O-O 6.Bg2 dxc4 7.Ne5 Nc6 8.Bxc6 bxc6
9.Nxc6 Qe8 10.Nxe7+ Qxe7 11.Qa4 c5 12.dxc5 Qxc5 13.Be3 Qc7 14.O-O Nd5 15.Bd4 Bd7
16.Qa3 a5 17.Rad1 Nb4 18.Bc5 Qxc5 19.Rxd7 Rab8 20.Rfd1 h6 21.Qa4 Nd5 22.Nxd5 exd5
23.R7xd5 Qb4 24.Qc2 Qxb2 25.Qxc4 Rb4 26.Qc5 Qxa2 27.Qxa5 Rb2 28.Qxa2 Rxa2
29.e3 g6 30.g4 Rfa8 31.Kg2 R8a5 32.h4 Kg7 33.Kg3 R2a3 34.Kf4 R3a4+ 35.e4 Rxd5
36.Rxd5 Ra3 37.f3 Rc3 38.Ra5 Rb3 39.Rc5 Ra3 40.Rb5 Rc3 41.Kg3 Ra3 42.g5 hxg5
43.hxg5 Rc3 44.Kg4 Ra3 45.Rb7 Ra4 46.Kf4 Ra5  1/2-1/2